01286nam a2200289 a 450000100100000000500170001000800410002704000250006804100430009308200150013610000260015124000500017724501220022726000520034930000340040149000190043550001280045450000420058250000380062450400500066253400710071270000420078383000260082504900090085195201190086099900170097900002642820200930030222.0110317s1953 mx a r 000 0 spa d aDO-SdBNPbspacBNPHU17aspahalemán2Código de idioma MARC axxxbG384p1 aGerster, H. J.95347310aKinderzahl nach Wunsch und Willen.lalemán.10aEl problema de la concepción :bla ley de Knaus /cH.J. Gerster ; versión española de José López y López. aMéxico, D. F. :bImpresiones Modernas,c1953. a153, [6] p. :bil., ;c19 cm.1 aCiencia y vida aUn método experimentado y al alcance de todos con 20 grabados y calendario menstrual para la comprobación de la reglas. aIncluye notas al pie de las páginas aIncluye apéndice (p. [147]-148) aIncluye índice bibliográfico (p. 149-150) aTítulo original en alemán:tKinderzahl nach Wunsch und Willen.1 aLópez y López, Joséetr.953474 0aCiencia y vida953475 aBNGR 001054708MOaGRbGRcCTd2011-03-17iLF1l0oxxx G384pp26428-10r2020-06-25w2020-06-25y4ZPréstamo en sala c25920d25920